000 01002nam a22001937a 4500
999 _c60333
_d60333
003 Ge_BSU
005 20230629162837.0
008 230629s1980 ge ||||| |||| 00| 0 geo d
041 _ageo
080 _a008(-11) ა-94
245 _aაღმოსავლური კულტურა :
_b(წერილები და გამოკვლევები) /
_cგ. წერეთლის სახ. აღმოსავლეთმცოდნეობის ინ-ტი; [რედ. ვ. გაბაშვილი].
264 _aთბილისი :
_b მეცნიერება,
_c1980.
300 _a150 გვ. ;
_b21 სმ.
520 _a ყოველი სტატიის შემდეგ რეზ. რუს.
653 _aაღმოსავლეთმცოდნეობა
653 _aაღმოსავლური კულტურა
700 _aგაბაშვილი, ვ.
_eრედაქტორი
_919078
942 _2udc
_cBK